| 000 | 00382 a2200121 4500 | ||
|---|---|---|---|
| 020 | _a0824796926 (acid-free paper) | ||
| 082 | _a624.171 FER | ||
| 100 | _aFertis, Demeter G. | ||
| 245 |
_aAdvanced mechanics of structures / _cDemeter G. Fertis. |
||
| 260 |
_aNew York : _bM. Dekker, _c1996. |
||
| 300 |
_axv, 490 p. : _bill. ; _c27 cm. |
||
| 650 | _aStructural analysis (Engineering) | ||
| 650 | _aMechanics, Applied. | ||
| 999 |
_c1242 _d1242 |
||